Teaching of biological sciences / (Record no. 27272)

MARC details
000 -LEADER
fixed length control field 00865nam a2200241 a 4500
005 - DATE AND TIME OF LATEST TRANSACTION
control field 20090605144421.0
008 - FIXED-LENGTH DATA ELEMENTS--GENERAL INFORMATION
fixed length control field 081017s2009 nyua 000 1 eng
010 ## - LCCN (DPL NO)
LC control number ENG-93910
020 ## - INTERNATIONAL STANDARD BOOK NUMBER
International Standard Book Number 9788120337183
Terms of availability 295.00
035 ## - SYSTEM CONTROL NUMBER
System control number EN-77443
037 ## - SOURCE OF ACQUISITION
Source of stock number/acquisition DBAD / PUB
040 ## - CATALOGING SOURCE
Original cataloging agency dpl
Language of cataloging English
082 ## - DEWEY DECIMAL CLASSIFICATION NUMBER
Classification number 570.71
100 ## - MAIN ENTRY--PERSONAL NAME
Personal name Jasim Ahmad
245 ## - TITLE STATEMENT
Title Teaching of biological sciences /
Statement of responsibility, etc by Jasim Ahmad
260 ## - PUBLICATION, DISTRIBUTION, ETC. (IMPRINT)
Place of publication, distribution, etc New Delhi
Name of publisher, distributor, etc PHI Learning
Date of publication, distribution, etc 2009
270 ## - ADDRESS
Address M-97, Connaught Circus
City New Delhi
Postal code 110001
300 ## - PHYSICAL DESCRIPTION
Extent xvi, 340p.
Dimensions 24cm(pbk)
500 ## - GENERAL NOTE
General note Includes references
650 ## - SUBJECT ADDED ENTRY--TOPICAL TERM
Topical term or geographic name as entry element Biology
General subdivision Study and teaching
942 ## - ADDED ENTRY ELEMENTS (KOHA)
Source of classification or shelving scheme Dewey Decimal Classification
Item type English Books
Call number suffix JAS
Classification part 570.71
Holdings
Withdrawn status Lost status Source of classification or shelving scheme Damaged status Not for loan Collection code Home library Current library Date acquired Source of acquisition Cost, normal purchase price Total Checkouts Full call number Barcode Date last seen Copy number Cost, replacement price Koha item type
    Dewey Decimal Classification   Not For Loan Non-fiction D.B.Act.Division D.B.Act.Division 05/06/2009 DBAD / PUB 295.00   570.71 JAS EN-77443 05/06/2009 1 295.00 English Books

© Delhi Public Library
Hit Counter
free hit counter